MARC

LEADER 00000nam0a2200000 4500
001 244364
005 20231101232037.0
010 |a 5781506772 
035 |a (RuTPU)RU\TPU\book\265747 
090 |a 244364 
100 |a 20131022d1990 k y0rusy50 ca 
101 0 |a rus 
102 |a BY 
105 |a a z 001zy 
200 1 |a Процессы тепломассообмена в энергетических установках  |e сборник научных трудов  |f Академия наук Белорусской ССР (АН БССР), Институт тепло- и массообмена им. А. В. Лыкова (ИТМО) ; под ред. В. А. Цыганова ,И. И. Ковалева 
210 |a Минск  |c Изд-во института тепло- и массообмена  |d 1990 
215 |a 174 с.  |c ил. 
320 |a Библиогр. в конце ст. 
606 1 |a Энергетические установки  |x Массообмен  |2 stltpush  |3 (RuTPU)RU\TPU\subj\21307  |9 46325 
610 1 |a моделирование 
610 1 |a однофазные потоки 
610 1 |a капиллярно-пористые тела 
610 1 |a дисперсные системы 
610 1 |a эксперименты 
610 1 |a математическое моделирование 
675 |a 620.9.002.5:53  |v 3 
702 1 |a Цыганов  |b В. А.  |4 340 
702 1 |a Ковалев  |b И. И.  |4 340 
712 0 2 |a Академия наук Белорусской ССР (АН БССР)  |b Институт тепло- и массообмена им. А. В. Лыкова (ИТМО)  |c (Минск)  |2 stltpush  |3 (RuTPU)RU\TPU\col\11896 
801 1 |a RU  |b 63413507  |c 20131022 
801 2 |a RU  |b 63413507  |c 20131024  |g RCR 
942 |c BK